| 000 | 00623nam a2200193 a 4500 | ||
|---|---|---|---|
| 001 | 000028103 | ||
| 005 | 20200930031342.0 | ||
| 008 | 110406s1982 sp 000 0 spa d | ||
| 020 | _a8430909346 | ||
| 040 |
_aDO-SdBNP _bspa _cBNPHU |
||
| 100 | 1 |
_aTortosa, José M. _955112 |
|
| 245 | 1 | 0 |
_aPolítica lingüistica y lenguas minoritarias : _bde babel a pentecostés / _cJosé M. Tortosa. |
| 260 |
_aMadrid : _bTecnos, _c1982. |
||
| 300 |
_a158 p. ; _c19 cm. |
||
| 490 | 1 | _aSatatus quaestionis | |
| 500 | _aIncluye notas al pie de las páginas | ||
| 504 | _aBibliografía : p. 157-158 | ||
| 830 | 0 |
_aSatatus quaestionis _955113 |
|
| 999 |
_c27595 _d27595 |
||